Nicholas Ray : Más grande que la vida (Record no. 73932)

MARC details
000 -LEADER
campo de control de longitud fija 00496nmm a2200169Ia 4500
008 - DATOS DE LONGITUD FIJA--INFORMACIÓN GENERAL
campo de control de longitud fija 251105s9999||||xx |||||||||||||||||und||
020 ## - NÚMERO INTERNACIONAL ESTÁNDAR DEL LIBRO
Número Internacional Estándar del Libro 849512128X
041 ## - CÓDIGO DE IDIOMA
Código de lengua del texto/banda sonora o título independiente spa
100 ## - ENTRADA PRINCIPAL--NOMBRE DE PERSONA
Nombre de persona Bempar, Carlos
245 #0 - MENCIÓN DEL TÍTULO
Título Nicholas Ray : Más grande que la vida
264 ## - PRODUCCIÓN, PUBLICACIÓN, DISTRIBUCIÓN, FABRICACIÓN Y COPYRIGHT
Producción, publicación, distribución, fabricación y copyright [Madrid, España] :
Nombre del de productor, editor, distribuidor, fabricante Ediciones JC Clementine,
Fecha de producción, publicación, distribución, fabricación o copyright 2005
300 ## - DESCRIPCIÓN FÍSICA
Extensión 275 páginas
490 ## - MENCIÓN DE SERIE
Mención de serie Colección Directores de cine
650 ## - PUNTO DE ACCESO ADICIONAL DE MATERIA--TÉRMINO DE MATERIA
Término de materia o nombre geográfico como elemento de entrada Film studies
856 ## - LOCALIZACIÓN Y ACCESO ELECTRÓNICOS
Identificador Uniforme de Recursos <a href="https://public.digitaliapublishing.com/a/13712">https://public.digitaliapublishing.com/a/13712</a>
942 ## - ELEMENTOS DE ENTRADA SECUNDARIOS (KOHA)
Tipo de ítem Koha Libro Digital

No items available.

Powered by Koha